Cuba calling (Record no. 60142)

MARC details
000 -LEADER
fixed length control field 00806cam a2200241 4500
001 - CONTROL NUMBER
control field ABS61420
008 - FIXED-LENGTH DATA ELEMENTS--GENERAL INFORMATION
fixed length control field 000000n 000 0 eng u
035 ## - SYSTEM CONTROL NUMBER
System control number (Sirsi) u100535
100 ## - MAIN ENTRY--PERSONAL NAME
Personal name Norvell, D.G.
245 ## - TITLE STATEMENT
Title Cuba calling
250 ## - EDITION STATEMENT
-- 1999
260 ## - PUBLICATION, DISTRIBUTION, ETC.
Place of publication, distribution, etc. Urban Land
-- 58(8) August 1999, 41-45, 93(6)
520 ## - SUMMARY, ETC.
Summary, etc. Discusses the continuing US embargo which is the major factor on business development in Cuba. Tourism is the fastest growing sector of the economy, and in a post-embargo Cuba many believe there would be great real estate development opportunities.
590 ## - LOCAL NOTE (RLIN)
Local note ABS
650 ## - SUBJECT ADDED ENTRY--TOPICAL TERM
Topical term or geographic name entry element TOURISM
650 ## - SUBJECT ADDED ENTRY--TOPICAL TERM
Topical term or geographic name entry element CUBA
650 ## - SUBJECT ADDED ENTRY--TOPICAL TERM
Topical term or geographic name entry element TRADE EMBARGO
650 ## - SUBJECT ADDED ENTRY--TOPICAL TERM
Topical term or geographic name entry element DEVELOPMENT
650 ## - SUBJECT ADDED ENTRY--TOPICAL TERM
Topical term or geographic name entry element FOREIGN INVESTMENT
650 ## - SUBJECT ADDED ENTRY--TOPICAL TERM
Topical term or geographic name entry element HOUSING
690 ## - LOCAL SUBJECT ADDED ENTRY--TOPICAL TERM (OCLC, RLIN)
Topical term or geographic name as entry element OVERSEAS-REST OF THE WORLD
942 ## - ADDED ENTRY ELEMENTS (KOHA)
Suppress in OPAC 0
Holdings
Withdrawn status Lost status Source of classification or shelving scheme Damaged status Not for loan Home library Current library Shelving location Date acquired Total Checkouts Full call number Barcode Date last seen Copy number Price effective from Koha item type
    Dewey Decimal Classification     London London Journal article 18/10/1999   ABS61420 100535-1001 06/08/2019 1 06/08/2019 Journal article